[Event "LASK Open 2015"]
[Site "Lund"]
[Date "2015.10.06"]
[Round "1.1"]
[White "Madison, Sigurd"]
[Black "Semcesen, Daniel"]
[Result "0-1"]
[WhiteElo "1841"]
[BlackElo "2436"]

1.d4 d5 2.Nf3 Nf6 3.g3 Bg4 4.Nbd2 Nbd7 5.Bg2 e6 6.c3 Bd6 7.O-O O-O 8.h3 
Bh5 9.Re1 c5 10.Qb3 Rb8 11.e3 b5 12.a3 c4 13.Qc2 Bg6 14.Qd1 h6 15.Nh4 Bh7 
16.Nhf3 Kh8 17.Nh2 Ne4 18.Nxe4 dxe4 19.Qh5 f5 20.Bd2 Nf6 21.Qd1 Qc7 22.Nf1
a5 23.b3 cxb3 24.Qxb3 Nd5 25.Rec1 a4 26.Qa2 Rfc8 27.Be1 Bg8 28.Rab1 e5 29.
Qb2 Qe7 30.Ra1 Nb6 31.Nd2 Nc4 32.Nxc4 bxc4 33.Qa2 Rb3 34.dxe5 Bxe5 35.Bf1 
Rcb8 36.Qc2 Rxa3 37.f3 exf3 38.Qxf5 Rxa1 39.Rxa1 Bxc3 40.Rd1 Bxe1 41.Qxf3 
Rf8 42.Rd7 Qe8 43.Qg4 Qxe3+ 44.Kh2 Bc3 45.Bg2 Be6 46.Re7 Bd4 47.Qd1 Be5 
48.Kh1 Qxg3 49.Qg1 Bd5 0-1

[Event "LASK Open 2015"]
[Site "Lund"]
[Date "2015.10.06"]
[Round "1.2"]
[White "Ahlander, Bjorn"]
[Black "Lundell, Mathias"]
[Result "1-0"]
[WhiteElo "2378"]
[BlackElo "1743"]

1.e4 e6 2.d4 d5 3.Nd2 Nf6 4.e5 Nfd7 5.Bd3 c5 6.c3 Nc6 7.Ne2 Be7 8.Nf3 O-O 
9.O-O f6 10.Nf4 Ndxe5 11.dxe5 fxe5 12.Nh3 e4 13.Bxe4 dxe4 14.Qxd8 Rxd8 15.
Nfg5 h6 16.Nxe4 e5 17.Be3 b6 18.f3 Be6 19.Nhf2 Rd7 20.Rfd1 Rad8 21.Rxd7 
Rxd7 22.Kf1 Na5 23.Nd2 Nc4 24.Nxc4 Bxc4+ 25.Ke1 Kf7 26.Ne4 Be6 27.b3 Bf5 
28.Ke2 Be6 29.c4 Bf5 30.Nc3 Bf6 31.Rc1 Be6 32.Nb5 Bf5 33.Rd1 Rxd1 34.Kxd1 
a6 35.Nd6+ Ke6 36.Nxf5 Kxf5 37.g4+ Ke6 38.Ke2 g5 39.Kd3 a5 40.Bd2 Be7 41.
Bc3 Bd6 42.Ke3 Bc7 43.Ke4 Bd6 44.a3 Bc7 45.Bd2 Bd8 46.b4 axb4 47.axb4 Bc7 
48.Be1 Bd8 49.bxc5 bxc5 50.Kd3 Kd7 51.Ke3 Kd6 52.Bf2 Be7 53.Ke2 Kc6 54.Be3
Kd6 55.h4 Kc6 56.Bd2 Kd6 57.h5 Bd8 58.Ke3 Be7 59.Ba5 Kd7 60.Kd3 Ke6 61.Bc7
Bf6 62.Bb6 Be7 63.Ke4 Bf8 64.Bd8 Bd6 65.Ba5 Be7 66.Be1 Bd6 67.Bc3 Bc7 68.
Kd3 Kd7 69.Ke3 Ke7 70.Bd2 Ke6 71.Kd3 Kd6 72.Kc3 Kc6 73.Kb3 Kb7 74.Ka4 Ka6 
75.Bc3 Bd6 76.Ba5 Bb8 77.Bd8 Bd6 78.Bf6 Bf8 79.Bxe5 Kb6 80.Kb3 Kc6 81.Kc3 
Kd7 82.Kd3 Ke6 83.Ke4 1-0

[Event "LASK Open 2015"]
[Site "Lund"]
[Date "2015.10.06"]
[Round "1.3"]
[White "Agovic, Seifo"]
[Black "Olofsson-Dolk, Mattis"]
[Result "0-1"]
[WhiteElo "1731"]
[BlackElo "2258"]

1.e4 c5 2.Nf3 d6 3.Bc4 Nf6 4.d3 e6 5.O-O Be7 6.Nc3 O-O 7.Re1 a6 8.a4 b6 9.
Bg5 Bb7 10.Ba2 Nc6 11.Ne2 h6 12.Bxf6 Bxf6 13.c3 Ne5 14.Nf4 Rc8 15.h3 Qe7 
16.Nh2 Rfd8 17.Nh5 g6 18.Ng3 c4 19.d4 Nd3 20.Re2 e5 21.d5 h5 22.Bb1 Nc5 
23.Bc2 b5 24.axb5 axb5 25.Ra5 Qd7 26.b4 cxb3 27.Bxb3 Ra8 28.Rxa8 Rxa8 29.
f3 Ra3 30.Rb2 Bc8 31.Ne2 Qa7 32.Kh1 Nxb3 33.Rxb3 Ra2 34.Nc1 Ra1 35.Qd2 Qa4
36.Rb2 Bg5 37.Qxg5 Qd1+ 38.Nf1 Qxf1+ 39.Kh2 Qxc1 40.Qd8+ Kg7 41.Re2 Qf4+ 
42.g3 Qc1 0-1

[Event "LASK Open 2015"]
[Site "Lund"]
[Date "2015.10.06"]
[Round "1.5"]
[White "Landgren, Christer"]
[Black "Bergner, Philipp"]
[Result "0-1"]
[WhiteElo "1664"]
[BlackElo "2161"]

1.d4 Nf6 2.Bf4 d5 3.e3 c5 4.c3 Nc6 5.Nd2 Qb6 6.Qb3 g6 7.Be2 c4 8.Qxb6 axb6
9.h3 b5 10.Ngf3 b4 11.O-O h6 12.Ne5 bxc3 13.bxc3 g5 14.Bg3 Bf5 15.Nxc6 
bxc6 16.Be5 Bg7 17.a4 O-O 18.a5 Ra6 19.Bc7 Rc8 20.Bb6 Nd7 21.e4 Be6 22.
Rfb1 Rca8 23.Kh2 f5 24.f3 Kf7 25.g4 fxe4 26.fxe4 Kg8 27.Kg2 Bf7 28.Bd1 Bg6
29.Bc2 e5 30.dxe5 Nxb6 31.Rxb6 Rxb6 32.exd5 Rb2 33.Bxg6 Rxd2+ 34.Kf1 Rxd5 
35.e6 Kf8 36.Ra4 Raxa5 37.Rxc4 Ra2 38.Ke1 0-1

[Event "LASK Open 2015"]
[Site "Lund"]
[Date "2015.10.06"]
[Round "1.6"]
[White "Ivarsson, Torbjorn"]
[Black "Sundin, Sven-Ingvar"]
[Result "1-0"]
[WhiteElo "2134"]
[BlackElo "1655"]

1.e4 g6 2.d4 d6 3.Nf3 Bg7 4.Bd3 a6 5.O-O Nd7 6.Nc3 b5 7.a4 b4 8.Nd5 a5 9.
c3 e6 10.Ne3 c5 11.Bb5 Ba6 12.Nc4 Qc7 13.Bf4 Bxb5 14.Nxd6+ Kf8 15.axb5 Qb6
16.Qa4 bxc3 17.bxc3 Ne7 18.Rfe1 h5 19.Rab1 Bh6 20.Nc4 Qd8 21.Bd6 cxd4 22.
Nxd4 Kg7 23.Nc6 Nxc6 24.bxc6 Nf6 25.Be5 Kh7 26.Red1 Qe7 27.Rb7 Qc5 28.Bxf6
Rhf8 29.Be7 1-0

[Event "LASK Open 2015"]
[Site "Lund"]
[Date "2015.10.06"]
[Round "1.8"]
[White "Tabaa, Ghayth"]
[Black "Drapic, Haris"]
[Result "1-0"]
[WhiteElo "2117"]
[BlackElo "1616"]

1.d4 d5 2.Nf3 Nf6 3.e3 Bf5 4.c4 e6 5.Qb3 Qc8 6.Nc3 c6 7.Nh4 Be7 8.Nxf5 
exf5 9.cxd5 O-O 10.g3 cxd5 11.Bg2 Nc6 12.O-O Nb4 13.a3 Nc6 14.Nxd5 Nxd5 
15.Bxd5 h5 16.h4 Qd8 17.Bf3 f4 18.Qxb7 fxg3 19.Qxc6 gxf2+ 20.Rxf2 Bxh4 21.
Rg2 Rc8 22.Qd5 Qxd5 23.Bxd5 g5 24.Bf3 Kh7 25.Bxh5 f5 26.Bd2 Rc2 27.Bc3 
Rxg2+ 28.Kxg2 Kh6 29.Be2 g4 30.Rh1 Kg5 31.Bb4 Re8 32.Bb5 1-0

[Event "LASK Open 2015"]
[Site "Lund"]
[Date "2015.10.27"]
[Round "3.1"]
[White "Friberg, Lennart"]
[Black "Semcesen, Daniel"]
[Result "0-1"]
[WhiteElo "2061"]
[BlackElo "2436"]

1.e4 e5 2.Nf3 Nc6 3.Bb5 Nd4 4.Nxd4 exd4 5.O-O Bc5 6.Be2 Ne7 7.d3 O-O 8.Bg5
c6 9.Nd2 a5 10.Bg4 a4 11.f4 f6 12.Bh4 Ng6 13.Bg3 b5 14.Qf3 Ra7 15.Rae1 d6 
16.h4 Bb4 17.Bxc8 Qxc8 18.Re2 a3 19.b3 Re7 20.h5 Nh8 21.Be1 Nf7 22.g4 d5 
23.exd5 Rxe2 24.Qxe2 cxd5 25.Nb1 Re8 26.Qd1 Bxe1 27.Rxe1 Rxe1+ 28.Qxe1 
Qxg4+ 29.Kh1 Qxh5+ 30.Kg1 Qg4+ 31.Kh1 Qf3+ 32.Kg1 g6 33.Nxa3 Qxf4 34.Nxb5 
Qg4+ 35.Kh1 Ne5 36.Qg1 Qh5+ 37.Qh2 Qd1+ 38.Qg1 Qxc2 39.Nxd4 Qxd3 40.a4 
Qe4+ 41.Kh2 Qxd4 0-1

[Event "LASK Open 2015"]
[Site "Lund"]
[Date "2015.10.27"]
[Round "3.2"]
[White "Ahlander, Bjorn"]
[Black "Gutzmann, Tobias"]
[Result "1-0"]
[WhiteElo "2378"]
[BlackElo "2121"]

1.d4 d5 2.c4 c6 3.Nc3 Nf6 4.cxd5 cxd5 5.Bf4 Nc6 6.e3 Bg4 7.f3 Bf5 8.Qb3 
Na5 9.Qa4+ Bd7 10.Qc2 Rc8 11.g4 e6 12.Bd3 Nc4 13.Nge2 Qb6 14.O-O-O h6 15.
h4 Bd6 16.Bxd6 Qxd6 17.Bxc4 Rxc4 18.g5 Nh5 19.Kb1 Ng3 20.Nxg3 Qxg3 21.Qe2 
Qc7 22.e4 Rxc3 23.bxc3 dxe4 24.Qe3 exf3 25.Ka1 hxg5 26.hxg5 Rxh1 27.Rxh1 
Qc4 28.d5 f2 29.Qxf2 Qxc3+ 30.Qb2 Qxb2+ 31.Kxb2 exd5 32.Kc3 Ke7 33.Kd4 Bc6
34.Rh7 g6 35.Ke5 a5 36.Rh8 b5 37.Rb8 b4 38.Rb6 Kd7 39.Rb8 Ke7 40.Rc8 Kd7 
41.Rh8 Ke7 42.Rh1 Bd7 43.Rc1 a4 44.Rb1 b3 45.axb3 axb3 46.Rxb3 Be6 47.Rb7+
Kf8 48.Kf6 Kg8 49.Rb8+ Kh7 50.Rd8 d4 51.Rxd4 Kg8 52.Rd8+ Kh7 53.Rf8 Bf5 
54.Rxf7+ 1-0

[Event "LASK Open 2015"]
[Site "Lund"]
[Date "2015.10.27"]
[Round "3.3"]
[White "Sadiku, Halil"]
[Black "Drapic, Haris"]
[Result "1-0"]
[WhiteElo "1987"]
[BlackElo "1616"]

1.e4 e5 2.f4 exf4 3.Nf3 d6 4.d4 Nf6 5.Bxf4 Bg4 6.Nc3 Be7 7.Bc4 O-O 8.O-O 
Nc6 9.a3 Nh5 10.Be3 Qd7 11.Bb5 Qc8 12.Nd5 Bf6 13.Qd2 a6 14.Ba4 Ne7 15.Nc3 
c6 16.h3 Ng3 17.hxg4 Nxf1 18.Rxf1 Qxg4 19.Qf2 Ng6 20.Bb3 Rae8 21.Bc4 Re7 
22.Be2 Nf4 23.Bxf4 Qxf4 24.g3 Qh6 25.Kg2 Bg5 26.Bd3 Bf6 27.Rh1 Bxd4 28.
Qxd4 c5 29.Qf2 Qe6 30.Nd5 Ree8 31.Ng5 Qe5 32.Nxh7 c4 1-0

[Event "LASK Open 2015"]
[Site "Lund"]
[Date "2015.10.27"]
[Round "3.6"]
[White "Tabaa, Ghayth"]
[Black "Sandstrom, Anders"]
[Result "1-0"]
[WhiteElo "2117"]
[BlackElo "1909"]

1.d4 d5 2.Nf3 Nf6 3.e3 g6 4.b3 Bg7 5.Bb2 O-O 6.Nbd2 b6 7.Be2 Bb7 8.O-O c5 
9.dxc5 bxc5 10.c4 e6 11.Rc1 Qe7 12.cxd5 exd5 13.Ne5 Nbd7 14.Nxd7 Nxd7 15.
Ba3 a6 16.Bg4 f5 17.Bf3 Rab8 18.Nc4 dxc4 19.Bxb7 c3 20.Qd5+ Kh8 21.Bc6 Nb6
22.Qxc5 Qxc5 23.Bxc5 Rfc8 24.Bd6 Rxc6 25.Bxb8 c2 26.f4 Nd5 27.Rf2 Nxe3 28.
Ba7 1-0

[Event "LASK Open 2015"]
[Site "Lund"]
[Date "2015.10.27"]
[Round "3.7"]
[White "Bouaziz, Nejib"]
[Black "Olsson, Tomas"]
[Result "1-0"]
[WhiteElo "2044"]
[BlackElo "1935"]

1.e4 e5 2.Nf3 Nc6 3.Bb5 a6 4.Ba4 d6 5.c3 Bd7 6.O-O Nge7 7.d4 Ng6 8.d5 Nb8 
9.Bc2 Be7 10.c4 b6 11.Nc3 O-O 12.Rb1 a5 13.a3 f5 14.exf5 Bxf5 15.Bxf5 Rxf5
16.Ne4 Nd7 17.Be3 a4 18.g3 Nc5 19.Nfd2 Qd7 20.Nxc5 bxc5 21.b4 axb3 22.Rxb3
Raf8 23.Qg4 Qe8 24.Kh1 h6 25.Rb7 Bd8 26.Rb8 Kh7 27.a4 Qf7 28.a5 Bg5 29.
Rxf8 Qxf8 30.Bxg5 Rxg5 31.Qe2 Qc8 32.f3 Rf5 33.Ra1 Qa6 34.Qe4 Rf8 35.Qb1 
Qa7 36.h4 h5 37.a6 Kh6 38.Ne4 Ne7 39.Qc1+ Kh7 40.Qg5 Nf5 41.Qxh5+ Kg8 42.
g4 Nh6 43.Ng5 Rf6 44.Qe8+ Rf8 45.Qg6 Rb8 46.Qh7+ 1-0

[Event "LASK Open 2015"]
[Site "Lund"]
[Date "2015.10.27"]
[Round "3.8"]
[White "Rosell, Sven"]
[Black "Olsson, Paul 1960"]
[Result "1/2-1/2"]
[WhiteElo "1957"]
[BlackElo "2031"]

1.e4 c5 2.Nf3 e6 3.d4 cxd4 4.c3 dxc3 5.Nxc3 Nc6 6.Bc4 Qc7 7.Qe2 a6 8.O-O 
d6 9.Bf4 Nf6 10.Rfd1 Be7 11.Rac1 O-O 12.Bb3 e5 13.Be3 Bg4 14.Nd5 Qd8 15.h3
Bxf3 16.Qxf3 Nxd5 17.Bxd5 Qd7 18.Qh5 Rac8 19.Kh2 Nd8 20.Bb3 Rxc1 21.Bxc1 
Qc6 22.Qg4 Kh8 23.Be3 Qe8 24.Rc1 Nc6 25.Bd5 Bf6 26.a3 g6 27.Qd1 Qd7 28.Qb3
Kg7 29.Rd1 Rc8 30.Qd3 Nd4 31.Bxd4 exd4 32.Qb3 b5 33.Rd3 Qc7 34.Rf3 Qe7 35.
g3 Rc7 36.Kg2 h5 37.h4 Qd7 38.Rf4 Qe8 39.Qd3 Be5 1/2-1/2

[Event "LASK Open 2015"]
[Site "Lund"]
[Date "2015.11.03"]
[Round "4.1"]
[White "Olofsson-Dolk, Mattis"]
[Black "Ahlander, Bjorn"]
[Result "1/2-1/2"]
[WhiteElo "2258"]
[BlackElo "2378"]

1.d4 Nf6 2.c4 e6 3.Nc3 Bb4 4.e3 O-O 5.Ne2 d5 6.a3 Be7 7.cxd5 exd5 8.Nf4 c6
9.Bd3 Re8 10.O-O Nbd7 11.f3 Nf8 12.Bc2 Ne6 13.e4 Bf8 14.Nxe6 fxe6 15.Bg5 
Be7 16.Bxf6 Bxf6 17.e5 Be7 18.f4 g6 19.Qg4 Kh8 20.h4 Rg8 21.h5 gxh5 22.
Qxh5 Rg7 23.Rf3 Bd7 24.Kf2 Qb6 25.Ne2 Be8 26.Qh3 c5 27.Rh1 h5 28.Rg3 cxd4 
29.Rxg7 Kxg7 30.Qd3 Kf8 31.Qh7 d3+ 32.Kf3 Bh4 33.Rxh4 dxe2 34.Kxe2 Qxb2 
35.Rh3 Rc8 36.Kd2 Qd4+ 37.Kc1 Qa1+ 38.Kd2 Qd4+ 39.Kc1 Qf2 40.Qh8+ Ke7 41.
Qf6+ Kd7 42.Qg7+ Kd8 43.Qf6+ Kd7 44.Qg7+ Kd8 45.Qf6+ Kc7 46.Rc3+ Bc6 47.
Qxe6 Qxf4+ 48.Kb1 Kb8 49.Qd6+ Ka8 50.Rf3 Qg4 51.Rf8 a6 52.e6 Rxf8 53.Qxf8+
Ka7 54.e7 Qe6 55.Qf2+ b6 56.Qf8 Kb7 57.Bf5 Qe1+ 58.Kb2 Qf2+ 59.Kb1 Qf1+ 
60.Kb2 Qxg2+ 61.Kb1 Qf1+ 62.Kb2 Qb5+ 63.Ka1 Qf1+ 64.Kb2 Qb5+ 65.Ka1 Be8 
66.Qf6 Qc6 67.Qe5 h4 68.Be6 Qc1+ 69.Ka2 Qd2+ 70.Ka1 Bc6 71.e8=Q Qc1+ 72.
Ka2 Qc2+ 73.Ka1 Qc1+ 74.Ka2 Qc4+ 75.Ka1 Qf1+ 76.Ka2 Qc4+ 77.Ka1 1/2-1/2

[Event "LASK Open 2015"]
[Site "Lund"]
[Date "2015.11.03"]
[Round "4.2"]
[White "Tabaa, Ghayth"]
[Black "Ivarsson, Torbjorn"]
[Result "1/2-1/2"]
[WhiteElo "2117"]
[BlackElo "2134"]

1.d4 e6 2.Nf3 c5 3.e3 b6 4.d5 Nf6 5.Nc3 exd5 6.Nxd5 Bb7 7.Bc4 Be7 8.O-O 
O-O 9.b3 Nc6 10.Bb2 Nxd5 11.Bxd5 Bf6 12.Bxf6 Qxf6 13.Nd2 Na5 14.Nc4 Bxd5 
15.Qxd5 Nxc4 16.Qxc4 Qe6 17.Rad1 Qxc4 18.bxc4 Rfd8 19.Rd5 Kf8 20.Rfd1 Ke7 
21.Re5+ Kf6 22.f4 d6 23.Red5 Ke7 24.a4 Rab8 25.e4 f6 26.Kf2 a6 27.Kf3 b5 
28.cxb5 axb5 29.axb5 Rxb5 30.e5 fxe5 31.fxe5 Rf8+ 32.Kg3 dxe5 33.Rxe5+ Kf6
34.Rdd5 Rc8 35.Rf5+ Ke6 36.Rfe5+ Kf6 37.Rf5+ Ke6 38.Rfe5+ Kf6 39.Re3 Rc7 
40.Rd8 Rb6 41.Rf8+ Kg6 42.Rf4 Rf6 43.Re5 c4 44.Ree4 c3 45.Rc4 Rfc6 46.
Rxc6+ Rxc6 47.Rf3 h5 48.Kf2 h4 49.Ke2 Kh5 50.Kd3 g5 51.Re3 Rf6 52.Ke2 Rc6 
53.h3 Rc5 54.Kd3 g4 55.Kd4 Rf5 56.Re5 Kg5 57.Ke4 Rxe5+ 58.Kxe5 gxh3 59.
gxh3 Kg6 60.Ke6 Kg5 61.Ke5 Kg6 62.Ke6 Kg5 63.Ke5 Kg6 64.Ke6 Kg5 65.Ke5 Kg6
1/2-1/2

[Event "LASK Open 2015"]
[Site "Lund"]
[Date "2015.11.03"]
[Round "4.3"]
[White "Bergner, Philipp"]
[Black "Radberg, John"]
[Result "1-0"]
[WhiteElo "2161"]
[BlackElo "1926"]

1.d4 Nf6 2.Nf3 e6 3.c4 b6 4.e3 Bb7 5.Bd3 Be7 6.Nc3 d5 7.cxd5 exd5 8.O-O 
O-O 9.Bd2 Nbd7 10.Rc1 Ne4 11.Qc2 Nxd2 12.Nxd2 Nf6 13.Ne2 Bd6 14.Ng3 g6 15.
Nf3 Ng4 16.a3 f5 17.Ne2 Kg7 18.b4 a6 19.Nf4 Re8 20.h4 Nf6 21.h5 Ne4 22.
hxg6 hxg6 23.Ne5 g5 24.Nh5+ Kf8 25.f3 Nf6 26.Nxf6 Rxe5 27.dxe5 Bxe5 28.Nh5
f4 29.Bg6 Bc8 30.exf4 Bd4+ 31.Rf2 gxf4 32.Qxc7 Bxf2+ 33.Kxf2 Qh4+ 34.Ke2 
Qe7+ 35.Qxe7+ 1-0

[Event "LASK Open 2015"]
[Site "Lund"]
[Date "2015.11.03"]
[Round "4.4"]
[White "Finnlaugsson, Gunnar"]
[Black "Madison, Sigurd"]
[Result "1-0"]
[WhiteElo "2006"]
[BlackElo "1841"]

1.Nf3 Nf6 2.c4 c6 3.d4 d5 4.Nc3 dxc4 5.a4 e6 6.Ne5 c5 7.e3 cxd4 8.exd4 Be7
9.Bxc4 O-O 10.O-O Nbd7 11.Nf3 Nb6 12.Bd3 Nbd5 13.Ne5 a6 14.f4 Rb8 15.Rf3 
Qc7 16.Rh3 g6 17.Qe1 Nb4 18.Bb1 Rd8 19.Ne2 Nc6 20.Be3 Nd5 21.Bf2 f5 22.Ba2
Bb4 23.Qd1 Nf6 24.Rc1 Ne4 25.Bh4 Rf8 26.Rf3 Qb6 27.Nc4 Qa7 28.Kh1 Bd7 29.
d5 Ne7 30.Ne5 Rfd8 31.d6 Bc6 32.Bxe6+ Kg7 33.Bxe7 Nf2+ 34.Rxf2 Qxf2 35.
Nxc6 bxc6 36.Bxd8 Rxd8 37.Rxc6 Qe3 38.d7 a5 39.Qd4+ Qxd4 40.Nxd4 Be7 41.b3
Bf6 42.Rc8 1-0

[Event "LASK Open 2015"]
[Site "Lund"]
[Date "2015.11.03"]
[Round "4.5"]
[White "Olsson, Paul 1960"]
[Black "Sandstrom, Anders"]
[Result "1-0"]
[WhiteElo "2031"]
[BlackElo "1909"]

1.e4 c5 2.d4 cxd4 3.c3 dxc3 4.Nxc3 Nc6 5.Nf3 a6 6.Bc4 d6 7.O-O Nf6 8.Bf4 
e6 9.Qe2 Be7 10.Rfd1 Qc7 11.Rac1 O-O 12.h3 Ne5 13.Bb3 Qb8 14.Nd4 Bd7 15.
Bg3 Rd8 16.f4 Ng6 17.Kh2 e5 18.Nf5 Bf8 19.fxe5 dxe5 20.Qf3 Bxf5 21.exf5 
Nf4 22.Rxd8 Qxd8 23.Qxb7 Rb8 24.Qxf7+ Kh8 25.Rd1 Qe8 26.Qxe8 Rxe8 27.Bf2 
e4 28.Bg3 N4h5 29.Bf7 Re7 30.Bxh5 Nxh5 31.Bd6 Re8 32.Bxf8 Rxf8 33.Nxe4 1-0

[Event "LASK Open 2015"]
[Site "Lund"]
[Date "2015.11.03"]
[Round "4.6"]
[White "Franzen, Per-Erik"]
[Black "Sundin, Sven-Ingvar"]
[Result "1-0"]
[WhiteElo "1960"]
[BlackElo "1655"]

1.d4 Nf6 2.Nf3 d5 3.c4 c6 4.e3 e6 5.Bd3 dxc4 6.Bxc4 Bd6 7.Qe2 Qc7 8.e4 e5 
9.dxe5 Bxe5 10.Nxe5 Qxe5 11.O-O O-O 12.Nc3 Be6 13.Bxe6 Qxe6 14.Bf4 Nbd7 
15.Rad1 Ne5 16.Bxe5 Qxe5 17.f4 Qc5+ 18.Qf2 Qxf2+ 19.Rxf2 Rad8 20.Rfd2 Rde8
21.e5 Nh5 22.g3 f6 23.Re2 Rf7 24.e6 Rfe7 25.f5 g6 26.g4 Ng7 27.Ne4 Rf8 28.
Rf2 gxf5 29.gxf5 Ne8 30.Rd7 Rxd7 31.exd7 Nc7 32.Nxf6+ 1-0

[Event "LASK Open 2015"]
[Site "Lund"]
[Date "2015.11.24"]
[Round "6.1"]
[White "Semcesen, Daniel"]
[Black "Olofsson-Dolk, Mattis"]
[Result "1-0"]
[WhiteElo "2436"]
[BlackElo "2258"]

1.d4 Nf6 2.c4 g6 3.Nc3 d5 4.Qb3 dxc4 5.Qxc4 Bg7 6.e4 a6 7.Bf4 b5 8.Qxc7 
Qxc7 9.Bxc7 Bb7 10.f3 Nc6 11.d5 Nd4 12.Bd3 Nd7 13.Rd1 Rc8 14.Ba5 Nc5 15.
Bb1 e6 16.dxe6 Ncxe6 17.Bb4 Nc6 18.Bd6 Na5 19.Bd3 Rd8 20.Bg3 Nc5 21.Be2 
Rxd1+ 22.Nxd1 Nc6 23.Bd6 Ne6 24.Nh3 Kd7 25.Bg3 Rc8 26.O-O Ncd4 27.Bd3 Nc5 
28.Bb1 Ne2+ 29.Kf2 Nxg3 30.hxg3 Ne6 31.Nf4 Bd4+ 32.Ke2 Nxf4+ 33.gxf4 b4 
34.b3 Bc6 35.Bd3 Bb5 36.Ne3 Bxd3+ 37.Kxd3 Bxe3 38.Kxe3 Rc3+ 39.Kd2 Rc6 40.
Rc1 Rd6+ 41.Ke3 h5 42.Rc4 Rb6 43.Rc5 Kd6 44.Kd4 Rb8 45.Kc4 h4 46.Kd4 h3 
47.gxh3 Rh8 48.Ra5 Rxh3 49.Rxa6+ Ke7 50.Ke3 Rh2 51.Ra4 Rc2 52.Rxb4 Rxa2 
53.Rc4 Rb2 54.Rc3 Kd6 55.Kd4 1-0

[Event "LASK Open 2015"]
[Site "Lund"]
[Date "2015.11.24"]
[Round "6.2"]
[White "Gutzmann, Tobias"]
[Black "Brzezinski, Adam"]
[Result "1/2-1/2"]
[WhiteElo "2121"]
[BlackElo "2168"]

1.d4 e6 2.e4 d5 3.exd5 exd5 4.Nf3 Bd6 5.c4 dxc4 6.Bxc4 Nf6 7.O-O O-O 8.h3 
h6 9.Nc3 a6 10.Ne5 c5 11.Bf4 Qc7 12.Nd5 Nxd5 13.Bxd5 Nc6 14.Qh5 Be6 15.
Bxc6 bxc6 16.dxc5 Bxc5 17.Rac1 Bd4 18.Rfd1 Qb6 19.Rxc6 Qxb2 20.Ng4 Bxg4 
21.Qxg4 Qxf2+ 22.Kh2 Rad8 23.Bg3 Qb2 24.Rc4 Be5 25.Rxd8 Rxd8 26.Rc8 Bxg3+ 
27.Kxg3 Qe5+ 28.Kf2 Qf6+ 29.Kg1 Rxc8 30.Qxc8+ Kh7 31.a4 a5 32.Qd7 Qe6 33.
Qb5 Qe1+ 34.Kh2 g6 35.Qd5 Kg7 36.Qd4+ Kf8 37.Qd8+ Kg7 38.Qd4+ Kf8 39.Qd8+ 
Kg7 1/2-1/2

[Event "LASK Open 2015"]
[Site "Lund"]
[Date "2015.11.24"]
[Round "6.3"]
[White "Bergner, Philipp"]
[Black "Ahlander, Bjorn"]
[Result "0-1"]
[WhiteElo "2161"]
[BlackElo "2378"]

1.d4 c5 2.d5 e6 3.Nc3 exd5 4.Nxd5 d6 5.e4 Nf6 6.Nf3 Be7 7.Bb5+ Nc6 8.O-O 
O-O 9.h3 Nxe4 10.Re1 f5 11.Nd2 Bh4 12.Nxe4 fxe4 13.Rxe4 Bxf2+ 14.Kh1 Bf5 
15.Rf4 Bg3 16.Rxf5 Rxf5 17.Qg4 Nd4 18.Bc4 Kh8 19.Be3 Be5 20.c3 Nc2 21.Qxf5
Nxa1 22.Bd3 g6 23.Qf1 Qh4 24.Bf2 Qg5 25.Ne3 Rf8 26.Be2 Nc2 27.Nxc2 Qf4 0-1

[Event "LASK Open 2015"]
[Site "Lund"]
[Date "2015.11.24"]
[Round "6.4"]
[White "Olsson, Paul 1960"]
[Black "Ivarsson, Torbjorn"]
[Result "0-1"]
[WhiteElo "2031"]
[BlackElo "2134"]

1.e4 e6 2.d4 d5 3.exd5 exd5 4.c4 Nf6 5.Bd3 dxc4 6.Bxc4 Bb4+ 7.Nc3 O-O 8.
Ne2 Bf5 9.O-O c6 10.Bg5 Nbd7 11.a3 Bd6 12.Ba2 Qc7 13.Ng3 Bg6 14.Rc1 Bf4 
15.Bxf4 Qxf4 16.d5 c5 17.Qa4 Qxa4 18.Nxa4 b6 19.b4 cxb4 20.axb4 a5 21.bxa5
Rxa5 22.Nc3 Rc8 23.Bb1 Bxb1 24.Nxb1 Rxc1 25.Rxc1 Rxd5 26.Nf1 g6 27.Nfd2 
Kg7 28.Kf1 Ng4 29.h3 Nge5 30.Rc2 Nd3 31.Rc3 b5 32.Rc7 b4 33.Rc4 Nb6 34.Rc6
Nd7 35.Rc7 N7c5 36.Rc6 Na4 37.Rc4 Nab2 38.Re4 Nd1 39.f3 Nc3 40.Re3 f5 41.
Re7+ Kf6 42.Rc7 Nf4 43.Nxc3 bxc3 44.Nb3 Rd3 45.Kf2 Nd5 46.Rc6+ Ke5 47.Nc1 
Rd2+ 48.Ne2 Nf4 0-1

[Event "LASK Open 2015"]
[Site "Lund"]
[Date "2015.11.24"]
[Round "6.5"]
[White "Tabaa, Ghayth"]
[Black "Finnlaugsson, Gunnar"]
[Result "1/2-1/2"]
[WhiteElo "2117"]
[BlackElo "2006"]

1.d4 Nf6 2.Bg5 d5 3.Bxf6 exf6 4.e3 Bd6 5.c4 dxc4 6.Bxc4 O-O 7.Ne2 Qe7 8.
Nbc3 c6 9.O-O a5 10.Ng3 f5 11.Qf3 Qh4 12.Bd3 g6 13.Rfe1 f4 14.Nge4 Bc7 15.
g3 fxg3 16.hxg3 Qe7 17.Nf6+ Kg7 18.Nce4 Nd7 1/2-1/2

[Event "LASK Open 2015"]
[Site "Lund"]
[Date "2015.11.24"]
[Round "6.6"]
[White "Persson, Ulf"]
[Black "Bouaziz, Nejib"]
[Result "1/2-1/2"]
[WhiteElo "1872"]
[BlackElo "2044"]

1.e4 c5 2.Nf3 d6 3.Bb5+ Bd7 4.Bxd7+ Qxd7 5.O-O Nc6 6.c3 Nf6 7.Re1 e6 8.d4 
cxd4 9.cxd4 d5 10.e5 Ne4 11.Nbd2 Nxd2 12.Bxd2 Be7 13.Rc1 h6 14.Re2 O-O 15.
Qe1 a5 16.a3 Rfc8 17.Rc2 b6 18.Qc1 Na7 19.Be3 Rxc2 20.Rxc2 Rc8 21.h4 Rxc2 
22.Qxc2 Qc6 23.Qd2 Bf8 24.g4 Nc8 25.Nh2 1/2-1/2

[Event "LASK Open 2015"]
[Site "Lund"]
[Date "2015.11.24"]
[Round "6.7"]
[White "Friberg, Lennart"]
[Black "Madison, Sigurd"]
[Result "0-1"]
[WhiteElo "2061"]
[BlackElo "1841"]

1.e4 e5 2.Nf3 d6 3.d4 exd4 4.Nxd4 g6 5.Be3 Bg7 6.Nc3 Nf6 7.f3 a6 8.Qd2 h6 
9.O-O-O Qe7 10.Nd5 Nxd5 11.exd5 Qf6 12.c3 Nd7 13.Re1 Kf8 14.g4 Qd8 15.Bc4 
Ne5 16.Bb3 a5 17.Qe2 a4 18.Bc2 a3 19.b3 Bd7 20.Be4 Qf6 21.h4 c5 22.g5 Qd8 
23.Nc2 Qc7 24.Bd2 b5 25.h5 hxg5 26.hxg6 Rxh1 27.Rxh1 Nxg6 28.Bxg5 f5 29.
Bd3 c4 30.bxc4 bxc4 31.Bxc4 Ne5 32.Ne3 Rc8 33.Bh6 f4 34.Bxg7+ Kxg7 35.Rg1+
Ng6 36.Qc2 Be8 37.Bd3 fxe3 38.Bxg6 Qxc3 39.Kd1 Ba4 40.Bf5+ Kf8 41.Qxa4 
Qc1+ 42.Ke2 Qd2+ 43.Kf1 Qc1+ 0-1

[Event "LASK Open 2015"]
[Site "Lund"]
[Date "2015.11.24"]
[Round "6.8"]
[White "Agovic, Seifo"]
[Black "Sadiku, Halil"]
[Result "0-1"]
[WhiteElo "1731"]
[BlackElo "1987"]

1.e4 c6 2.d4 d5 3.Nc3 e6 4.Nf3 Nf6 5.Bg5 Be7 6.Bd3 dxe4 7.Bxe4 Nxe4 8.Nxe4
Bxg5 9.Nexg5 Qa5+ 10.c3 Nd7 11.Ne4 O-O 12.O-O e5 13.Re1 Qb6 14.Qc2 f5 15.
Nd6 e4 16.Qe2 Nf6 17.Qc4+ Nd5 18.Ne5 Be6 19.Qb3 Qc7 20.Ndc4 Nf6 21.Qb4 
Rfd8 22.Na5 Rab8 23.Nb3 b6 24.Qa4 Rbc8 25.Nc1 c5 26.Ne2 Rd5 27.Nf4 Rd6 28.
Nxe6 Rxe6 29.Qb3 c4 30.Qa4 h5 31.Qd1 Ng4 32.f4 Nxe5 33.dxe5 Qf7 34.h4 Rg6 
35.Re3 Rg4 36.g3 Qe7 37.Qd5+ Kh8 38.Rd1 Qxh4 39.Kg2 Qe7 40.Rh1 g6 41.Qd6 
Qxd6 42.exd6 Rd8 43.Rd1 Rd7 44.Rd4 b5 45.Rd5 a6 46.b3 Kg7 47.bxc4 bxc4 48.
Re2 h4 49.Re3 hxg3 50.Rxg3 Rxf4 51.Rc5 Rxd6 52.Rxc4 Rh4 53.Rd4 Rxd4 54.
cxd4 Rh8 55.Kf2 Rc8 56.Ra3 Rc6 57.Ke3 Kf6 58.d5 Rd6 59.Kd4 g5 60.Rh3 Kg6 
61.Ke5 Rd8 62.Ra3 Re8+ 63.Kd4 f4 64.Rxa6+ Kf5 65.d6 e3 66.Ra5+ Kf6 67.d7 
Rd8 68.Ra6+ Kf5 69.Ra5+ Kg4 70.Kd3 Rxd7+ 71.Ke2 Rd2+ 72.Ke1 f3 73.Re5 f2+ 
74.Kf1 0-1

[Event "LASK Open 2015"]
[Site "Lund"]
[Date "2015.11.24"]
[Round "6.9"]
[White "Drapic, Haris"]
[Black "Franzen, Per-Erik"]
[Result "1-0"]
[WhiteElo "1616"]
[BlackElo "1960"]

1.e4 c5 2.Nc3 e6 3.Nf3 Nf6 4.d4 cxd4 5.Nxd4 d6 6.Bg5 Be7 7.Bb5+ Bd7 8.
Bxd7+ Qxd7 9.O-O Nc6 10.Ndb5 a6 11.Bxf6 gxf6 12.Nd4 Nxd4 13.Qxd4 Rc8 14.
Rad1 b5 15.Rd2 Rc4 16.Qd3 Qc6 17.f3 Rg8 18.Ne2 Qc5+ 19.Kh1 Qg5 20.Nd4 Qh5 
21.f4 Rg4 22.b3 Rc5 23.f5 e5 24.Nf3 d5 25.exd5 e4 26.Qe3 exf3 27.gxf3 Qg5 
28.Qe2 Rh4 29.Re1 Rc7 30.Rg1 Qf4 31.d6 Rxh2+ 32.Qxh2 Qxf3+ 33.Rdg2 Rxc2 
34.dxe7 Rxa2 35.Qb8+ Kxe7 36.Qc7+ 1-0

[Event "LASK Open 2015"]
[Site "Lund"]
[Date "2015.11.24"]
[Round "6.10"]
[White "Olsson, Tomas"]
[Black "Meurman, Arne"]
[Result "1-0"]
[WhiteElo "1935"]
[BlackElo "2020"]

1.e4 c5 2.d4 cxd4 3.Nf3 e6 4.Nxd4 a6 5.Nc3 Qc7 6.Be2 Nf6 7.O-O d6 8.a4 b6 
9.f4 Bb7 10.Bf3 Nbd7 11.Re1 e5 12.Nde2 g6 13.Ng3 Bg7 14.f5 O-O 15.Be3 Rac8
16.Qd2 Nc5 17.Bg5 Bc6 18.Rad1 Nxa4 19.Nxa4 Bxa4 20.b3 Bc6 21.Qxd6 Ne8 22.
Qa3 f6 23.Be3 a5 24.Be2 Kh8 25.Bc4 Rd8 26.Rxd8 Qxd8 27.Qc1 Qc7 28.Bh6 Nd6 
29.Be6 Nb5 30.c3 Rd8 31.Bc4 Qd6 32.fxg6 hxg6 33.h4 Qc5+ 34.Be3 Qe7 35.Bxb6
Ra8 36.h5 Nd6 37.Bc5 Qc7 38.Bxd6 Qxd6 39.hxg6 Bd7 40.Kf2 Qb6+ 41.Kf3 Be6 
42.Rh1+ Kg8 43.Nf5 Bxc4 44.Nxg7 Qxb3 45.Nf5 Ra7 46.Qd2 Qb6 47.Qh6 Be2+ 48.
Kg3 1-0